|
|
|
|
| LEADER |
00000nkm a2200000 a 4500 |
| 001 |
vtls011883886 |
| 003 |
SK-MaSNL |
| 005 |
20260512123059.0 |
| 007 |
kp bo |
| 008 |
230706q1869 xo g ||00 k|hun |
| 015 |
|
|
|a SNBG
|
| 035 |
|
|
|a urn:nbn:sk:snk-km00eaia
|
| 035 |
|
|
|a urn:nbn:sk:snk-km43gnx
|
| 035 |
|
|
|a 33A87C7C-53FD-4F5E-9936-7886C3CB66E3
|
| 040 |
|
|
|a SNK
|b slo
|c SNK
|e AACR2
|
| 041 |
0 |
|
|a hun
|
| 043 |
|
|
|a e-xo---
|
| 044 |
|
|
|a xo
|c SK
|
| 072 |
|
7 |
|a 913
|x Regionálna geografia
|2 konspekt
|
| 080 |
|
|
|a 913(437.6)
|2 2011
|
| 080 |
|
|
|a 726:27-523.42
|2 2011
|
| 080 |
|
|
|a 726:2-523.6
|2 2011
|
| 080 |
|
|
|a 94(084.121)
|2 2011
|
| 080 |
|
|
|a 904(084.121)
|2 2011
|
| 080 |
|
|
|a 726.95
|2 2011
|
| 245 |
0 |
0 |
|a Üdvözlet Mária Sasváröl
|h [grafika]
|
| 260 |
|
|
|a [Slovensko?]
|b [vydavateľ neznámy]
|c [medzi 1869 a 1907?]
|
| 300 |
|
|
|a 1 pohľadnica
|b čiernobiela
|c 14 x 9 cm
|
| 500 |
|
|
|a Názvové údaje prevzaté z obrazovej časti pohľadnice
|
| 520 |
8 |
|
|a Zobrazenie: Pohľad z boku, z trávnika na baziliku a kláštor, pred ktorými je cesta a pred budovou kostola stojí človek. V spodnej časti po celej šírke pohľadnice sa nachádza biely rámček na správu
|
| 610 |
2 |
7 |
|a Bazilika Sedembolestnej Panny Márie (Šaštín-Stráže, Slovensko)
|2 SNKKA
|9 31997
|
| 610 |
2 |
7 |
|a Pavlínsky kláštor (Šaštín-Stráže, Slovensko)
|2 SNKKA
|9 358439
|
| 650 |
0 |
7 |
|a baziliky
|2 SNKPH
|9 54566
|
| 650 |
0 |
7 |
|a kláštory
|2 SNKPH
|9 3024
|
| 650 |
0 |
7 |
|a kultúrne pamiatky
|2 SNKPH
|9 2862
|
| 650 |
0 |
7 |
|a pútnické miesta
|2 SNKPH
|9 3031
|
| 651 |
|
7 |
|a Šaštín-Stráže (Slovensko)
|2 SNKPHgeo
|9 89182
|
| 655 |
|
7 |
|a miestne pohľadnice
|2 SNKPH
|9 70510
|
| 655 |
|
7 |
|a historické pohľadnice
|2 SNKPH
|9 159703
|
| 655 |
|
7 |
|a pohľadnice kultúrnych pamiatok
|2 SNKPH
|9 70523
|
| 852 |
|
|
|a Slovenská národná knižnica
|
| 958 |
|
|
|a ONDV
|
| 958 |
|
|
|a GBN
|
| 958 |
|
|
|a GC
|
| 999 |
|
|
|c 690145
|d 692075
|
| 952 |
|
|
|a SNK
|b SNK
|y PREZ
|7 0
|p 17A1224858
|o snkSP 23513
|z Pohľadnica prešla poštou.
|0 0
|1 0
|4 0
|d 2019-08-27
|f 1
|l 0
|r 2026-02-23 20:24:47
|w 2026-02-23
|